My Name Is Chorus - Eminem - Statistics

General Stats
  • This quiz has been taken 232 times
  • The average score is 32 of 34
Answer Stats
Lyrics % Correct
My
100%
My
100%
My
100%
My
100%
My
100%
My
100%
Is
99%
Is
99%
Is
99%
Is
99%
Is
99%
Is
99%
Name
99%
Name
99%
Name
99%
Name
99%
Name
99%
Name
99%
Shady
96%
Shady
96%
Slim
96%
Slim
96%
What?
94%
What?
94%
What?
94%
Who?
91%
Hi!
83%
Hi!
83%
Hi!
83%
Chicka
76%
Chicka
76%
Chicka
76%
Chicka
76%
Huh?
62%
No matching quizzes found
Score Distribution
Percent of People with Each Score
Percentile by Number Answered
Your Score History
You have not taken this quiz